书目信息 |
| 题名: |
初中英语拓展阅读
|
|
| 作者: | 俞敏洪 主编 | |
| 分册: | 初二 | |
| 出版信息: | 杭州 浙江教育出版社 2021.01 |
|
| 页数: | 241页 | |
| 开本: | 26cm | |
| 丛书名: | ||
| 单 册: | ||
| 中图分类: | G633.413 | |
| 科图分类: | ||
| 主题词: | 英语--阅读教学--初中--教学参考资料 | |
| 电子资源: | ||
| ISBN: | 978-7-5722-0371-8 | |
| 000 | 00826nam0 2200241 450 | |
| 001 | 012001003380 | |
| 005 | 20141204152028.0 | |
| 010 | @a978-7-5722-0371-8@dCNY55.00 | |
| 100 | @a20220905d2020 em y0chiy50 ea | |
| 101 | 0 | @achi@aeng |
| 102 | @aCN@b330000 | |
| 105 | @aa z 000yy | |
| 106 | @ar | |
| 200 | 1 | @a初中英语拓展阅读@Achu zhong ying yu tuo zhan yue du@i初二@f俞敏洪主编 |
| 210 | @a杭州@c浙江教育出版社@d2021.01 | |
| 215 | @a241页@c彩照@d26cm | |
| 300 | @a新东方大愚文化 | |
| 330 | @a本书文化和教育、社会和生活、科学、科技和运动四部分,具体内容包括:学校和教育、文化、社会、生活、生命科学、自然和环境、运动和游戏等。 | |
| 606 | 0 | @a英语@x阅读教学@x初中@j教学参考资料 |
| 690 | @aG633.413@v5 | |
| 701 | 0 | @a俞敏洪@Ayu min hong@4主编 |
| 801 | 0 | @aCN@bAHXH@c20221111 |
| 905 | @b1374639-43@dG633.413@e1043@f5 | |
| 初中英语拓展阅读.初二/俞敏洪主编.-杭州:浙江教育出版社,2021.01 |
| 241页:彩照;26cm |
| 新东方大愚文化 |
| ISBN 978-7-5722-0371-8:CNY55.00 |
| 本书文化和教育、社会和生活、科学、科技和运动四部分,具体内容包括:学校和教育、文化、社会、生活、生命科学、自然和环境、运动和游戏等。 |
| ● |
| 相关链接 |
|
|
|
|
正题名:初中英语拓展阅读
索取号:G633.413/1043
 
预约/预借
| 序号 | 登录号 | 条形码 | 馆藏地/架位号 | 状态 | 备注 |
| 1 | 1374639 | 213746393 | 第一样本阅览室/ [索取号:G633.413/1043] | 在馆 | |
| 2 | 1374640 | 213746400 | 教育系资料室/ [索取号:G633.413/1043] | 在馆 | |
| 3 | 1374641 | 213746419 | 教育系资料室/ [索取号:G633.413/1043] | 在馆 | |
| 4 | 1374642 | 213746428 | 第四借阅区/ [索取号:G633.413/1043] | 在馆 | |
| 5 | 1374643 | 213746437 | 第四借阅区/ [索取号:G633.413/1043] | 在馆 |